| 000 | 00383nam a2200169Ia 4500 | ||
|---|---|---|---|
| 008 | 210210b1907 xxu||||| |||| 00| 0 eng d | ||
| 041 | _aeng | ||
| 082 | _a829/1341 | ||
| 100 | _aWOOD (Mrs H) | ||
| 245 | _aSt Martins Eve | ||
| 260 |
_aLondon _bMacmillan & Co. Ltd. _c1907 |
||
| 650 | _aSt | ||
| 650 | _aMartins | ||
| 650 | _aEve | ||
| 690 | _aEnglish Fiction | ||
| 906 | _a017950 | ||
| 999 |
_c137845 _d137845 |
||